Datum a čas kvízu

22 Celkem bodů Celkový počet nahraných bodů na tomto kvízu bez doplňovacích otázek.
8. Pořadí na kvízu Konečné umístění týmu na tomto kvízu.

Zaznamenané odpovědi

# Otázka Odpověď Body Výsledky
1. V úterý zaměstnalo policejní o... Helena Válková; ANO 0.5
2. Úterní předčasné parlamentní v... Grónsko 1
3. Režisérka a herečka Greta Gerw... Letopisy Narnie 0
4. Dozorčí rada Moravskoslezských... Hrušovany 0
5. Čeští reprezentanti porazili v... futsal 0
6. V příštích pěti otázkách vždy... C 0
7. Který prezident USA mohl v obd... Lyndon B. Johnson 1
8. Co nemohl během svého působení... B 0
9. Ze kterého města pocházel tým,... Zlín 1
10. O které z těchto událostí se z... B 1